Jak žili dinosauři /
Uložené v:
| Hlavný autor: | |
|---|---|
| Médium: | Kniha |
| Jazyk: | Czech English |
| Vydané: |
Martin :
Osveta,
1991
|
| Vydanie: | 1. vyd. |
| Edícia: | Okna do světa
|
| ISBN: |
8021704055 (viaz.) |
| Fyzický popis: |
64 s. |
| Tagy: |
Pridať tag
Žiadne tagy, Buďte prvý kto otaguje tento záznam!
|
Titul je dostupný aj v ... 

MARC
| LEADER | 00000nam a2200000 a 4500 | ||
|---|---|---|---|
| 001 | 000252575 | ||
| 005 | 20060701182450.0 | ||
| 008 | 060523s1991 xo e 000 0 czeo | ||
| 020 | |a 8021704055 (viaz.) | ||
| 040 | |a SVKKK |b slo |c SVKKK |e AACR2 | ||
| 041 | 1 | |a cze |h eng | |
| 044 | |a xo |c SK | ||
| 100 | 1 | |a Parker, Steve, |d 1952- |4 aut | |
| 245 | 1 | 0 | |a Jak žili dinosauři / |c Steve Parker |
| 250 | |a 1. vyd. | ||
| 260 | |a Martin : |b Osveta, |c 1991 | ||
| 300 | |a 64 s. | ||
| 440 | 0 | |a Okna do světa | |
| 919 | |a 80-217-0405-5 | ||
| 998 | |a BK | ||
| 090 | |g SCKHL |k Sklad Pribinova 3. posch. |a V.177799 |j 833987 |i 2720953390 |s Povinný výt. | ||